| 000 | nam a22 4500 | ||
|---|---|---|---|
| 999 |
_c9398 _d9398 |
||
| 008 | 180517b ||||| |||| 00| 0 eng d | ||
| 100 |
_927920 _aLacson, Nonoy E. |
||
| 245 | _aPeace is possible-military/ | ||
| 260 |
_aPhilippines _bManila Bulletin _cc2017 |
||
| 300 | _apage 6. | ||
| 650 | 0 |
_927921 _aPeace. |
|
| 700 |
_927922 _aErmac, Bonita L. |
||
| 942 |
_2ddc _cPER |
||